[Event "29th Paul Keres Memorial 2020"]
[Site "Tallinn"]
[Date "2020.01.12"]
[Round "10.6"]
[White "Neiksans, Arturs"]
[Black "Kulaots, Kaido"]
[Result "0-1"]
[WhiteElo "2560"]
[BlackElo "2510"]
[Annotator "ChessBase"]
[PlyCount "71"]
[EventDate "2020.01.11"]
[EventType "swiss"]
[EventCountry "EST"]
[SourceTitle "playchess.com"]
[Source "ChessBase"]
[SourceQuality "1"]
[TimeControl "900+5"]

1. e4 {[%emt 0:00:00]} c5 {[%emt 0:00:00]} 2. Nf3 {[%emt 0:00:00]} d6 {[%emt 0:00:00]} 3. Bb5+ {[%emt 0:00:00]} Nd7 {[%emt 0:00:02]} 4. O-O {[%emt 0:00:01]} a6 {[%emt 0:00:04]} 5. Bd3 {[%emt 0:00:02]} Ngf6 {[%emt 0:00:07]} 6. Re1 {[%emt 0:00:02]} e6 {[%emt 0:00:44]} 7. c3 {[%emt 0:00:02]} Be7 {[%emt 0:01:36]} 8. Bc2 {[%emt 0:00:02]} c4 {[%emt 0:01:02]} 9. b3 {[%emt 0:00:15]} cxb3 {[%emt 0:00:08]} 10. axb3 {[%emt 0:00:05]} O-O {[%emt 0:00:22]} 11. d4 {[%emt 0:00:04]} e5 {[%emt 0:00:06]} 12. Na3 {[%emt 0:00:14]} Qc7 {[%emt 0:00:22]} 13. Bb2 {[%emt 0:01:00]} Re8 {[%emt 0:01:02]} 14. c4 {[%emt 0:00:39]} Rb8 {[%emt 0:00:49]} 15. c5 {[%emt 0:00:39]} exd4 {[%emt 0:00:55]} 16. cxd6 {[%emt 0:00:08]} Bxd6 {[%emt 0:00:02]} 17. Nc4 {[%emt 0:02:36]} Bb4 {[%emt 0:00:13]} 18. Qxd4 {[%emt 0:02:55]} b5 {[%emt 0:01:04]} 19. e5 {[%emt 0:00:47]} Bxe1 {[%emt 0:01:14]} 20. Nd6 {[%emt 0:02:54]} Qxc2 {[%emt 0:00:37]} 21. exf6 {[%emt 0:00:03]} Bxf2+ {[%emt 0:00:59]} 22. Qxf2 {[%emt 0:00:05]} Qxf2+ {[%emt 0:00:01]} 23. Kxf2 {[%emt 0:00:03]} Re6 {[%emt 0:00:30]} 24. Nxf7 {[%emt 0:02:13]} Nxf6 {[%emt 0:01:17]} 25. N7e5 {[%emt 0:00:26]} Bb7 {[%emt 0:00:08]} 26. Rd1 {[%emt 0:00:12]} Rc8 {[%emt 0:00:06]} 27. Ba3 {[%emt 0:00:24]} h6 {[%emt 0:00:14]} 28. Kg1 {[%emt 0:00:18]} Rc3 {[%emt 0:00:29]} 29. Bb4 {[%emt 0:00:18]} Rc8 {[%emt 0:00:40]} 30. Ng6 {[%emt 0:00:29]} Bxf3 {[%emt 0:00:17]} 31. gxf3 {[%emt 0:00:00]} Kf7 {[%emt 0:00:07]} 32. Nf4 {[%emt 0:00:16]} Rec6 {[%emt 0:00:02]} 33. Kf2 {[%emt 0:00:06]} Rc2+ {[%emt 0:00:17]} 34. Kg3 {[%emt 0:00:04]} Rb2 {[%emt 0:00:40]} 35. Rd3 {[%emt 0:00:10]} g5 {[%emt 0:00:14]} 36. Nd5 0-1

[Event "29th Paul Keres Memorial 2020"]
[Site "Tallinn"]
[Date "2020.01.12"]
[Round "11.1"]
[White "Kulaots, Kaido"]
[Black "Kuzubov, Yuriy"]
[Result "0-1"]
[WhiteElo "2510"]
[BlackElo "2644"]
[Annotator "TA"]
[PlyCount "258"]
[EventDate "2020.01.11"]
[EventType "swiss"]
[EventCountry "EST"]
[SourceTitle "playchess.com"]
[Source "ChessBase"]
[SourceQuality "1"]

{[%evp 12,258,29,25,25,35,38,37,44,44,43,45,41,33,87,82,67,43,44,5,35,35,36,36,37,45,44,22,56,45,61,68,67,54,105,0,0,0,0,-101,-97,-115,-110,-116,-107,-107,-107,-107,-107,-114,-114,-114,-89,-126,-114,-114,-114,-114,-114,-119,-118,-126,-126,-126,-126,-126,-126,-126,-126,-119,-103,-110,-110,-126,-126,-126,-122,-134,-134,-129,-118,-187,-187,-1059,-1018,-1075,-540,-613,-976,-861,-867,-1595,-629,-623,-510,-541,-359,-331,0,-502,0,-333,-193,-233,-193,-350,-59,-359,-318,-359,-350,-333,-291,-216,-139,-139,0,-152,0,-59,0,-152,-59,-59,-59,-59,-59,-59,-59,-59,0,-59,0,-59,0,-59,-8,-59,-59,-59,-8,-17,0,-31,-44,-59,-31,-31,-44,-59,0,-59,0,0,0,-59,0,-59,-59,-59,-59,-59,-4,-59,-59,-59,-59,-59,0,0,0,-59,-59,-59,-59,-59,-59,-52,-59,-59,-59,-59,-59,-59,-59,-59,-59,-59,-59,-59,-59,-59,-59,-59,-59,-65,-59,-65,-59,-59,-59,-73,-73,-73,-73,-81,-81,-81,-8,-81,-81,-86,-86,-86,-86,-86,-86,-118,-118,-118,-118,-118,-118,-118,-118,-118,-8,-8,0,-118,-8,-8,0,-118,-8,-8,-8,-8,-8,-8,-8,-8,-8,-29975,-29969,-29974,-29975,-29975,-29975]} 1. e4 c6 2. d4 d5 3. e5 Bf5 4. Nf3 e6 5. Be2 Nd7 6. O-O h6 7. Nbd2 Ne7 {B12: Caro-Kann: Advance Variation} 8. Nb3 Bh7 (8... Nc8 9. Ne1 Be7 10. Bd3 Bxd3 11. Nxd3 Ncb6 12. Qg4 g6 13. Nd2 Qc7 14. a4 {0-1 (51) Sasikiran,K (2656)-Wojtaszek,R (2725) Moscow 2019}) 9. a4 a5 {White is slightly better.} 10. Bd2 Nc8 11. c4 dxc4 12. Bxc4 Bb4 $146 (12... Be7 $14) ({Predecessor:} 12... Be7 13. Qe2 O-O 14. Rfc1 Re8 15. Ne1 Bf8 16. Qg4 Kh8 17. Qf3 Kg8 18. Qg4 Kh8 19. Qf3 Kg8 {½-½ (19) Schroeder,J (2461)-Maze,S (2575) Helsingor 2015}) 13. Bxb4 $16 axb4 14. a5 b6 {[%cal Rb6a5]} 15. axb6 Ncxb6 16. Rxa8 Qxa8 17. Bd3 Bxd3 18. Qxd3 O-O 19. Nfd2 Rd8 20. Qc2 Qa6 21. Qxc6 Rc8 22. Qf3 Rc2 (22... Qa2 $14) 23. Ne4 (23. Ra1 $16 Qb5 24. Ra5 Rc1+ 25. Nxc1 Qxa5 26. Ndb3) 23... Qa8 $11 24. Nbc5 {Black must now prevent Nxd7.} Qd5 {[%cal Rd7c5]} 25. Qf4 (25. Nxd7 $11 Nxd7 26. Qf4) 25... Nxc5 $17 26. dxc5 Nd7 {[%mdl 64] Double Attack} 27. Nd6 Nxe5 28. Qxb4 Rxc5 29. Ne4 Rb5 30. Qa4 Rxb2 31. h3 Kh7 {Strongly threatening ...Ra2.} 32. Nc3 Qc4 33. Qxc4 Nxc4 {[%mdl 4096] Endgame KRN-KRN} 34. Ne4 g5 35. Rd1 Re2 36. Ng3 Rd2 37. Rxd2 Nxd2 {KN-KN} 38. f3 Kg6 39. Kf2 Nc4 40. Ne4 f5 41. Nc5 Kf6 42. Nd3 h5 43. Nc5 h4 44. Nd3 Ne5 45. Nc5 Ke7 46. Nb3 (46. Ke3 $17 {was necessary.}) 46... Kd6 $19 47. Nd4 $2 (47. Na5) 47... Kd5 48. Nb5 Nd3+ 49. Ke3 Nf4 50. Kf2 Kc5 51. Nc7 Kd4 (51... Kc6 $142 52. Na6 Nd5) 52. Ne8 Ke5 53. Nc7 Nd5 54. Nb5 Nf4 (54... Nb4 $142 55. Kf1 Nd5) 55. Nc7 $1 Nd5 56. Nb5 $1 Nb6 (56... Nb4 $142 57. Kf1 Nd3) 57. Nc7 Nc4 58. Ne8 $2 (58. Nb5) 58... Na3 $2 (58... Nb2 $1 $19 {[%cal Rb2d3]} 59. Ke3 Nc4+ 60. Ke2 Nb6) 59. Nc7 $2 {[%mdl 8192]} ({Only move:} 59. Ke2 $1 $15) 59... Nc2 60. Ne8 Nd4 61. Ke3 Nb5 62. Kf2 Nd6 63. Nc7 Nc4 64. Ne8 $1 Na3 $2 (64... Nb2 $17 65. Ke2 Nc4 66. Kf2) 65. Ke3 (65. Nc7 $1 $11) 65... Nb5 (65... f4+ $1 $15 66. Kd3 Nb5) 66. Kf2 $1 $17 f4 (66... Nc3 $17 67. Nc7 Nd5) 67. Ke2 $15 Nc3+ 68. Kd3 Nd5 {aiming for ...Ne3.} 69. Ke2 $1 Ne3 70. Kf2 Nd5 71. Ke2 Ne3 72. Kf2 Nd5 73. Ke2 Nf6 (73... Nb4 $15) 74. Nc7 (74. Nxf6 $11 Kxf6 75. Kf2) 74... Kd6 75. Nb5+ Kc6 (75... Ke7 $1 $15) 76. Nc3 $1 $11 Kd6 77. Kd2 Ke5 78. Ke2 Kd4 79. Nb5+ Kd5 80. Nc7+ Kd6 81. Nb5+ Kc5 (81... Kd7 $1 $15) 82. Nc7 Kd6 (82... Nh7 $11) 83. Nb5+ $15 Ke5 84. Nc3 Nd5 85. Ne4 Kf5 86. Nd6+ Kg6 (86... Kf6 $1 $15) 87. Ne4 (87. Nc4 $1 $11) 87... Ne3 88. Kf2 Nf5 89. Nc5 Kf7 (89... Nd4 $15) 90. Ne4 $11 Kg6 (90... Ke7 $11) 91. Nc5 $1 $15 Nd4 92. Ne4 e5 93. Nc5 Kf5 94. Ne4 Nc2 95. Nd6+ Kg6 96. Ne4 Ne3 97. Nd6 Nf5 98. Ne4 Ng3 {...Nxe4+ is the strong threat.} 99. Nd6 Kf6 100. Nc4 Ke6 101. Nb6 Nf5 102. Nc4 Nd6 103. Nb6 Kf5 104. Nd5 e4 105. fxe4+ Kxe4 106. Nf6+ Kf5 107. Nd5 Nc4 108. Ne7+ Ke4 109. Nc6 Ne5 (109... Nd6 $17) 110. Nd8 (110. Nxe5 $11 {keeps the balance.} Kxe5 111. Kf3) 110... Kf5 111. Ke2 {[#]} f3+ $1 {[%mdl 512]} 112. gxf3 Ng6 $1 113. Kf2 Nf4 114. Nc6 Nxh3+ 115. Kg2 Nf4+ 116. Kf2 Nd3+ 117. Kg2 Kf4 118. Nd4 Ke3 (118... Ke5 $1 $17 {[%cal Re5d4]} 119. Nc2 Kf4) 119. Nf5+ $11 Kf4 (119... Ke2 $11 120. Nxh4 Nf4+ 121. Kg3 Nh5+ 122. Kg4 gxh4) 120. Nd4 $17 Ne1+ (120... Ke5 $1 $17 {[%cal Re5d4]} 121. Nc6+ Kd6) 121. Kf2 $11 Nd3+ ({Black should try} 121... Ke5 $11 122. Nc6+ Kd5) 122. Kg2 $17 {[#]} Ne5 (122... Ke5 $1 $17 {[%cal Re5d4]} 123. Nc2 Kf4 124. Nd4) 123. Ne6+ $11 Kf5 124. Nd4+ Kf6 {And now ...Ng6 would win.} 125. Kh3 Nd3 {Threatens to win with ...Ke5.} 126. Ne2 Kf5 {( -> ...Nf4+)} (126... Ke5 $5 127. Kg4 $8 Nf2+ 128. Kxg5 h3 $11) 127. Nc3 $2 {[%mdl 8192]} (127. Nd4+ $11 Kf6 128. Nc2) 127... Kf4 {Black mates.} 128. Ne4 {[#]} Ne1 $1 {[%cal Re1f3]} 129. Nf6 Nxf3 {Accuracy: White = 55%, Black = 46%.} 0-1

[Event "29th Paul Keres Memorial 2020"]
[Site "Tallinn"]
[Date "2020.01.12"]
[Round "11.3"]
[White "Onischuk, Vladimir"]
[Black "Reprintsev, Alexander"]
[Result "1-0"]
[WhiteElo "2631"]
[BlackElo "2353"]
[Annotator "RC"]
[PlyCount "69"]
[EventDate "2020.01.11"]
[EventType "swiss"]
[EventCountry "EST"]
[SourceTitle "playchess.com"]
[Source "ChessBase"]
[SourceQuality "1"]
[TimeControl "900+5"]

1. e4 {[%emt 0:00:06]} d5 {[%emt 0:00:00]} 2. exd5 {[%emt 0:00:10]} Qxd5 {[%emt 0:00:00]} 3. Nc3 {[%emt 0:00:02]} Qa5 {[%emt 0:00:00]} 4. Nf3 {[%emt 0:00:15]} Nf6 {[%emt 0:00:00]} 5. g3 {[%emt 0:00:16]} Nc6 {[%emt 0:00:19]} 6. Bg2 {[%emt 0:00:10]} Bg4 {[%emt 0:01:17]} 7. h3 {[%emt 0:00:04]} Bh5 {[%emt 0:00:59]} 8. d3 {[%emt 0:00:09]} O-O-O {[%emt 0:00:28]} 9. Bd2 {[%emt 0:03:05]} e6 {[%emt 0:01:20]} 10. g4 {[%emt 0:00:27]} Bg6 {[%emt 0:00:03]} 11. Nh4 {[%emt 0:00:02]} Nd4 {[%emt 0:00:48]} 12. O-O {[%emt 0:00:56]} Qb6 {[%emt 0:00:58]} 13. a4 {[%emt 0:01:50]} Qxb2 {[%emt 0:01:18]} 14. Nxg6 {[%emt 0:00:41]} hxg6 {[%emt 0:00:01]} 15. Nb5 {[%emt 0:04:09]} Nxb5 {[%emt 0:02:55]} 16. axb5 {[%emt 0:00:08]} Bc5 {[%emt 0:00:07]} 17. Qf3 {[%emt 0:00:46]} Qxb5 {[%emt 0:01:21]} 18. g5 {[%emt 0:00:53]} Nd5 {[%emt 0:01:37]} 19. c4 {[%emt 0:00:04]} Qb2 {[%emt 0:00:05]} 20. Rfd1 {[%emt 0:00:44]} Ne7 {[%emt 0:00:55]} 21. Rab1 {[%emt 0:00:03]} Qe5 {[%emt 0:00:02]} 22. Bf4 {[%emt 0:00:48]} Qf5 {[%emt 0:00:47]} 23. Qxb7+ {[%emt 0:00:03]} Kd7 {[%emt 0:00:00]} 24. Qxc7+ {[%emt 0:00:01]} Ke8 {[%emt 0:00:01]} 25. Rb8 {[%emt 0:00:11]} Rxb8 {[%emt 0:00:41]} 26. Qxb8+ {[%emt 0:00:02]} Kd7 {[%emt 0:00:01]} 27. Qc7+ {[%emt 0:00:12]} Ke8 {[%emt 0:00:02]} 28. d4 {[%emt 0:00:12]} Bb6 {[%emt 0:00:15]} 29. Qb8+ {[%emt 0:00:02]} Kd7 {[%emt 0:00:00]} 30. Qd6+ {[%emt 0:00:01]} Ke8 {[%emt 0:00:06]} 31. c5 {[%emt 0:00:05]} Bd8 {[%emt 0:00:13]} 32. c6 {[%emt 0:00:03]} f6 {[%emt 0:00:47]} 33. c7 {[%emt 0:00:09]} Bxc7 {[%emt 0:00:02]} 34. Qxc7 {[%emt 0:00:01]} Rh4 {[%emt 0:00:16]} 35. Bd6 {[%emt 0:00:06]} 1-0

[Event "29th Paul Keres Memorial 2020"]
[Site "Tallinn"]
[Date "2020.01.12"]
[Round "11.4"]
[White "Meshkovs, Nikita"]
[Black "Kovalenko, Igor"]
[Result "0-1"]
[WhiteElo "2565"]
[BlackElo "2640"]
[Annotator "ChessBase"]
[PlyCount "84"]
[EventDate "2020.01.11"]
[EventType "swiss"]
[EventCountry "EST"]
[SourceTitle "playchess.com"]
[Source "ChessBase"]
[SourceQuality "1"]
[TimeControl "900+5"]

1. Nf3 {[%emt 0:00:00]} b6 {[%emt 0:00:00]} 2. g3 Bb7 3. Bg2 {[%emt 0:00:00]} g6 {[%emt 0:00:00]} 4. O-O {[%emt 0:00:04]} Bg7 {[%emt 0:00:00]} 5. d4 {[%emt 0:00:06]} Nf6 {[%emt 0:00:00]} 6. b3 {[%emt 0:00:15]} O-O {[%emt 0:00:03]} 7. Bb2 {[%emt 0:00:03]} d6 {[%emt 0:00:11]} 8. c4 {[%emt 0:00:10]} Nbd7 {[%emt 0:00:03]} 9. Nc3 {[%emt 0:00:29]} Ne4 {[%emt 0:00:02]} 10. Qc2 {[%emt 0:00:48]} Nxc3 {[%emt 0:00:01]} 11. Bxc3 {[%emt 0:00:01]} a5 {[%emt 0:00:14]} 12. d5 {[%emt 0:00:26]} Bxc3 {[%emt 0:00:07]} 13. Qxc3 {[%emt 0:00:02]} Nc5 {[%emt 0:00:03]} 14. Nd4 {[%emt 0:00:35]} Qc8 {[%emt 0:00:02]} 15. f4 {[%emt 0:00:23]} e5 {[%emt 0:00:07]} 16. fxe5 {[%emt 0:00:42]} dxe5 {[%emt 0:00:01]} 17. Nb5 {[%emt 0:00:07]} f6 {[%emt 0:00:02]} 18. Rad1 {[%emt 0:01:18]} Qd7 {[%emt 0:00:30]} 19. a3 {[%emt 0:00:56]} a4 {[%emt 0:00:27]} 20. b4 {[%emt 0:00:12]} Nb3 {[%emt 0:00:01]} 21. e3 {[%emt 0:01:56]} Rad8 {[%emt 0:00:16]} 22. d6 {[%emt 0:01:32]} Bxg2 {[%emt 0:00:17]} 23. dxc7 {[%emt 0:00:15]} Qxd1 {[%emt 0:00:22]} 24. Rxd1 {[%emt 0:00:05]} Rxd1+ {[%emt 0:00:01]} 25. Kxg2 {[%emt 0:00:01]} Rd2+ {[%emt 0:00:20]} 26. Kh3 {[%emt 0:00:20]} h5 {[%emt 0:01:19]} 27. g4 {[%emt 0:00:57]} hxg4+ {[%emt 0:00:29]} 28. Kxg4 {[%emt 0:01:19]} Kg7 {[%emt 0:07:09]} 29. Kg3 {[%emt 0:00:31]} Rd7 {[%emt 0:01:44]} 30. c5 bxc5 {[%emt 0:00:59]} 31. bxc5 {[%emt 0:01:23]} Rd5 {[%emt 0:00:17]} 32. Qc4 {[%emt 0:00:49]} Rxc5 {[%emt 0:00:57]} 33. Qxa4 {[%emt 0:00:01]} Nd2 {[%emt 0:00:11]} 34. Qb4 {[%emt 0:00:21]} Rc2 {[%emt 0:00:10]} 35. Kf2 {[%emt 0:01:26]} Rf7 {[%emt 0:00:57]} 36. Ke2 {[%emt 0:00:09]} Rd7 {[%emt 0:00:04]} 37. Nc3 {[%emt 0:00:15]} Rxc7 {[%emt 0:00:14]} 38. Nd5 {[%emt 0:00:06]} Ne4+ {[%emt 0:00:09]} 39. Kf3 {[%emt 0:00:05]} f5 {[%emt 0:00:03]} 40. Qe1 {[%emt 0:00:05]} Ra7 {[%emt 0:00:14]} 41. h4 {[%emt 0:00:04]} Rf2+ {[%emt 0:00:01]} 42. Qxf2 {[%emt 0:00:01]} Nxf2 {[%emt 0:00:01]} 0-1

[Event "29th Paul Keres Memorial 2020"]
[Site "Tallinn"]
[Date "2020.01.12"]
[Round "11.6"]
[White "Maly, Alexey"]
[Black "Turov, Maxim"]
[Result "0-1"]
[WhiteElo "2357"]
[BlackElo "2567"]
[Annotator "ChessBase"]
[PlyCount "90"]
[EventDate "2020.01.11"]
[EventType "swiss"]
[EventCountry "EST"]
[SourceTitle "playchess.com"]
[Source "ChessBase"]
[SourceQuality "1"]
[TimeControl "900+5"]

1. d4 {[%emt 0:00:00]} Nf6 {[%emt 0:00:00]} 2. c4 {[%emt 0:00:05]} e6 {[%emt 0:00:05]} 3. Nf3 {[%emt 0:00:05]} Bb4+ {[%emt 0:00:05]} 4. Nbd2 {[%emt 0:00:05]} O-O {[%emt 0:00:20]} 5. g3 {[%emt 0:00:00]} d5 {[%emt 0:00:29]} 6. Qb3 {[%emt 0:00:16]} Nc6 {[%emt 0:00:57]} 7. Bg2 {[%emt 0:00:06]} dxc4 {[%emt 0:00:07]} 8. Qxc4 {[%emt 0:00:01]} Qd5 {[%emt 0:00:03]} 9. Qd3 {[%emt 0:00:26]} Rd8 {[%emt 0:00:39]} 10. O-O {[%emt 0:06:29]} Nxd4 {[%emt 0:00:02]} 11. Nxd4 {[%emt 0:00:12]} Qxd4 {[%emt 0:00:02]} 12. Qxd4 {[%emt 0:00:57]} Rxd4 {[%emt 0:00:02]} 13. Nb3 {[%emt 0:00:06]} Rd7 {[%emt 0:00:59]} 14. a3 {[%emt 0:00:41]} Be7 {[%emt 0:00:46]} 15. Na5 {[%emt 0:00:14]} c6 16. b4 {[%emt 0:01:01]} Nd5 {[%emt 0:00:37]} 17. Bb2 {[%emt 0:00:11]} f6 {[%emt 0:00:36]} 18. e4 {[%emt 0:00:20]} Nb6 {[%emt 0:00:06]} 19. Rad1 {[%emt 0:00:03]} Rb8 {[%emt 0:00:30]} 20. Bh3 {[%emt 0:00:33]} Kf7 {[%emt 0:00:17]} 21. f4 {[%emt 0:00:13]} c5 {[%emt 0:00:23]} 22. b5 {[%emt 0:01:25]} Rxd1 23. Rxd1 Bd7 {[%emt 0:00:16]} 24. a4 {[%emt 0:00:51]} Be8 {[%emt 0:00:53]} 25. Ra1 {[%emt 0:00:03]} a6 {[%emt 0:00:33]} 26. Bf1 {[%emt 0:00:15]} axb5 {[%emt 0:00:25]} 27. axb5 {[%emt 0:00:00]} Nc8 {[%emt 0:00:25]} 28. e5 {[%emt 0:00:15]} Nb6 {[%emt 0:00:03]} 29. Rc1 {[%emt 0:00:22]} f5 {[%emt 0:00:21]} 30. Bg2 {[%emt 0:00:38]} Nd5 {[%emt 0:00:19]} 31. Bf1 {[%emt 0:00:31]} b6 {[%emt 0:00:19]} 32. Nc6 {[%emt 0:00:15]} Ra8 {[%emt 0:00:03]} 33. Bc4 {[%emt 0:00:08]} Bd7 {[%emt 0:01:32]} 34. Rd1 {[%emt 0:00:15]} Bxc6 {[%emt 0:00:07]} 35. bxc6 {[%emt 0:00:01]} Ne3 {[%emt 0:00:01]} 36. Rc1 {[%emt 0:00:29]} Nxc4 {[%emt 0:00:05]} 37. Rxc4 {[%emt 0:00:01]} b5 {[%emt 0:00:16]} 38. Rc1 {[%emt 0:00:09]} Ra6 {[%emt 0:00:13]} 39. Rd1 {[%emt 0:00:13]} Rxc6 {[%emt 0:00:07]} 40. Rd7 {[%emt 0:00:02]} b4 {[%emt 0:00:03]} 41. Rb7 {[%emt 0:00:10]} c4 {[%emt 0:00:05]} 42. Kf2 {[%emt 0:00:05]} Rb6 {[%emt 0:00:43]} 43. Rc7 {[%emt 0:00:10]} c3 {[%emt 0:00:03]} 44. Bc1 {[%emt 0:00:05]} b3 {[%emt 0:00:05]} 45. Be3 {[%emt 0:00:10]} Rb5 {[%emt 0:00:10]} 0-1